Central Library OPAC University of Rajshahi

কৃষ্ণকান্তের উইল / (Record no. 62218)

MARC details
000 -LEADER
fixed length control field 00996nam a2200229 a 4500
001 - CONTROL NUMBER
control field 62218
003 - CONTROL NUMBER IDENTIFIER
rucl marc code BD-RjUL
005 - DATE AND TIME OF LATEST TRANSACTION
control field 20211209081045.0
008 - FIXED-LENGTH DATA ELEMENTS--GENERAL INFORMATION
fixed length control field 170123s19951988ii ||||| |||| 00| 0 ben d
020 ## - INTERNATIONAL STANDARD BOOK NUMBER
Terms of availability : IRs 35.00
035 ## - SYSTEM CONTROL NUMBER
System control number (BD-RjUL)62343
040 ## - CATALOGING SOURCE
Original cataloging agency BD-RjUL
Language of cataloging ben
Transcribing agency BD-RjUL
Modifying agency BD-RjUL
041 ## - LANGUAGE CODE
Language code of text/sound track or separate title ben
082 ## - DEWEY DECIMAL CLASSIFICATION NUMBER
Edition number 23
Classification number 891.44309
Author mark and year BAK 1995
100 ## - MAIN ENTRY--PERSONAL NAME
Personal name চট্রোপাধ্যায়, বঙ্কিমচন্দ্র
9 (RLIN) 117295
245 10 - TITLE STATEMENT
Title কৃষ্ণকান্তের উইল /
Statement of responsibility, etc. বঙ্কিমচন্দ্র চট্রোপাধ্যায়
260 ## - PUBLICATION, DISTRIBUTION, ETC. (IMPRINT)
Place of publication, distribution, etc. কলিকাতা :
Name of publisher, distributor, etc. মডার্ণ বুক এজেন্সী,
Date of publication, distribution, etc. ১৯৮৮ [মুদ্রণ ১৯৯৫]
300 ## - PHYSICAL DESCRIPTION
Pagination [৮], ১৬২ পৃ. ;
Size ২১ সেমি.
650 ## - SUBJECT ADDED ENTRY--TOPICAL TERM
Topical term or geographic name as entry element বাংলা উপন্যাস
Form subdivision ইতিহাস ও সমালোচনা
9 (RLIN) 159932
Topical term or geographic name as entry element Bengali Fiction
Form subdivision History and Criticism
9 (RLIN) 126704
942 ## - ADDED ENTRY ELEMENTS (KOHA)
Source of classification or shelving scheme Dewey Decimal Classification
Koha item type Books
Holdings
Lost status Source of classification or shelving scheme Damaged status Not for loan Collection code Permanent Location Current Location Shelving location Date acquired Source of acquisition Cost, normal purchase price Total Checkouts Full call number Date last seen Copy number Koha item type
  Dewey Decimal Classification   Not For Loan Non-fiction Central Library, University of Rajshahi Central Library, University of Rajshahi Reading Room 29/01/1997 Ankur Prokasoni, Dhaka 35.00   B 891.44309 BAK 1995 23/01/2017 C-1 Books